• 首页
  • 本馆介绍
  • 公告通知
  • 最新文献
  • 馆藏检索
  • 电子资源
  • 读者导购
  • 参考咨询
  • 我的图书馆
  • 登录
  • 详细信息显示
  • 放入我的书架
  • 预约/预借图书
  • 作者相关作品
  • 分类相关作品
  • 丛书相关作品
  • 出版社相关作品

书目信息

  • 表格格式
  • 工作单格式
  • 卡片格式
题名:
DK猫百科
    
 
作者: ;孙永华 译 ;多林·金德斯利出版公司 编著
分册:  
出版信息: 北京   中国大百科全书出版社  2019.04
页数: 320页
开本: 30cm
丛书名:
单 册:
中图分类: S829.3
科图分类:
主题词: 猫--mao--普及读物
电子资源:
ISBN: 978-7-5202-0464-4
000 00963nam0 2200265 450
001 0109110138
005 20201109110336.0
010    @a978-7-5202-0464-4@b精装@dCNY258.00
100    @a20200408e20202019em y0chiy50 ea
101 1  @achi@ceng
102    @aCN@b110000
105    @aab z 001yy
106    @ar
200 1  @aDK猫百科@ADK mao bai ke@dThe cat encyclopedia@f孙永华译@zeng
210    @a北京@c中国大百科全书出版社@d2019.04@h2020.06
215    @a320页@c彩图, 地图@d30cm
300    @a家庭珍藏大系
330    @a本书介绍了获得国际认可的纯种猫与同样可爱的家猫,从历史、文化、艺术、宗教等方面揭秘关于猫的故事,探讨猫与人类的亲密关系,并对养猫提出权威的分析与建议。
510 1  @aCat encyclopedia@zeng
606 0  @a猫@Amao@j普及读物
690    @aS829.3@v5
702  0 @a孙永华@Asun yong hua@4译
711 02 @c(英)@a多林·金德斯利出版公司@Aduo lin jin de si li chu ban gong si@4编著
801  0 @aCN@bBJSZM@c20201103
905    @b1213609-10@dS829.3@e215@f2
    
    DK猫百科=The cat encyclopedia/孙永华译.-北京:中国大百科全书出版社,2019.04(2020.06)
    320页:彩图, 地图;30cm
    家庭珍藏大系
    
    ISBN 978-7-5202-0464-4(精装):CNY258.00
    本书介绍了获得国际认可的纯种猫与同样可爱的家猫,从历史、文化、艺术、宗教等方面揭秘关于猫的故事,探讨猫与人类的亲密关系,并对养猫提出权威的分析与建议。
●
相关链接 在E读中查询图书 在五车中查询图书 在当当中查询图书 在豆瓣中查询图书


正题名:DK猫百科     索取号:S829.3/215         预约/预借

序号 登录号 条形码 馆藏地/架位号 状态 备注
1 1213609   212136099   第二样本阅览室/ [索取号:S829.3/215] 在馆    
2 1213610   212136106   第三借阅区/ [索取号:S829.3/215] 在馆    
唐山师范学院图书馆 欢迎您!
大连网信软件有限公司© 版权所有